Hroby, hrobky a mumie /

Další autoři: Bahn, Paul G., 1953-
Jazyk: Čeština
Vydáno: Praha : Argo, 1997
Vydání: Vyd. 1.
Témata:
Fyzický popis: 213 s. : barev. il., mapy ; 29 cm
Knihy
Uloženo v:
LEADER 01047nam a2200337 a 4500
001 000303694
003 CZ BrMZK
005 20090520203056.0
007 ta
008 980115s1997 xr ab f cze d
015 |a cnb000279169 
020 |a 80-7203-154-6 
035 |a (OCoLC)84939636 
040 |a BOA001  |b cze 
041 1 |a cze  |h eng 
080 |a 572  |2 MRF 
080 |a 903.5  |2 MRF 
245 0 0 |a Hroby, hrobky a mumie /  |c editor Paul G. Bahn 
250 |a Vyd. 1. 
260 |a Praha :  |b Argo,  |c 1997 
300 |a 213 s. :  |b barev. il., mapy ;  |c 29 cm 
500 |a Přeloženo z angličtiny 
504 |a Obsahuje bibliografii 
653 0 |a archeologické nálezy  |a hrobky  |a hroby  |a mumie 
700 1 |a Bahn, Paul G.,  |d 1953-  |7 jn20000600608  |4 edt 
765 0 |t Tombs, graves and mummies  |9 Česky 
910 |a BOA001  |b 4-1043.801  |b PK-N-0033.583 
920 |a 000276385 
964 |a Pohřebiště  |x výzkumy archeologické 
990 |a BK 
996 6 |b 3119010730  |c PK-N-0033.583  |l MZK  |r HSS 5p  |n 0  |p kup  |h 903 HRO  |w 000303694  |u 000020  |a 0  |e BOA001  |j MZK50  |s P